000
00202nam a22000857a 4500
008
170118b xxu||||| |||| 00| 0 eng d
100
_9
2468
_a
CBSE
245
_a
Mathematics-IX
260
_a
New Delhi
_b
CBSE
_c
2010
999
_c
5529
_d
5529